Ruins of desert Cathay; (Record no. 553015)
[ view plain ]
| 000 -LEADER | |
|---|---|
| fixed length control field | 00708cam a22001451 4500 |
| 082 ## - DEWEY DECIMAL CLASSIFICATION NUMBER | |
| Classification number | 950 |
| Author Mark | STE |
| 100 1# - MAIN ENTRY--PERSONAL NAME | |
| Personal name | Stein, Aurel, |
| 9 (RLIN) | 46783 |
| 245 10 - TITLE STATEMENT | |
| Title | Ruins of desert Cathay; |
| Remainder of title | personal narrative of explorations in Central Asia and westernmost China, |
| Statement of responsibility, etc. | by M. Aurel Stein ... |
| 260 ## - PUBLICATION, DISTRIBUTION, ETC. | |
| Place of publication, distribution, etc. | London, |
| Name of publisher, distributor, etc. | Macmillan and co., limited, |
| Date of publication, distribution, etc. | 1912. |
| 300 ## - PHYSICAL DESCRIPTION | |
| Extent | 2 v. |
| Other physical details | col. fronts., plates (part col., part fold.) ports., fold. maps. |
| Dimensions | 25 cm. |
| 500 ## - GENERAL NOTE | |
| General note | "Record of the archaeological and geographical explorations ... during the years 1906-1908 ... carried out under the orders of the Government of India." |
| 526 ## - STUDY PROGRAM INFORMATION NOTE | |
| Program name | 0 |
| Interest level | 0 |
| Reading level | 0 |
| Title point value | 950_000000000000000_STE |
| 710 2# - ADDED ENTRY--CORPORATE NAME | |
| Corporate name or jurisdiction name as entry element | Archaeological Survey of India |
| 9 (RLIN) | 50291 |
| 942 ## - ADDED ENTRY ELEMENTS (KOHA) | |
| Source of classification or shelving scheme | |
| Koha item type | Book |
| Withdrawn status | Lost status | Source of classification or shelving scheme | Damaged status | Not for loan | Permanent Location | Current Location | Shelving location | Date acquired | Total Checkouts | Full call number | Barcode | Date last seen | Price effective from | Koha item type |
|---|---|---|---|---|---|---|---|---|---|---|---|---|---|---|
| Military College of Engineering (MCE) | Military College of Engineering (MCE) | 01/28/2015 | 950 STE | MCE-ECR/9.1 | 01/28/2015 | 01/28/2015 | Book |
